<?xml version="1.0" encoding="UTF-8"?>
<record
    xmlns:xsi="http://www.w3.org/2001/XMLSchema-instance"
    xsi:schemaLocation="http://www.loc.gov/MARC21/slim http://www.loc.gov/standards/marcxml/schema/MARC21slim.xsd"
    xmlns="http://www.loc.gov/MARC21/slim">

  <leader>03945nab a2200253 i 4500</leader>
  <controlfield tag="003">BR-BrBNA</controlfield>
  <controlfield tag="005">20250603120001.0</controlfield>
  <controlfield tag="008">250531b2018    bl.qr|pooa||| 00| 0 por |</controlfield>
  <datafield tag="040" ind1=" " ind2=" ">
    <subfield code="a">BR-BrBNA</subfield>
    <subfield code="b">por</subfield>
  </datafield>
  <datafield tag="072" ind1=" " ind2=" ">
    <subfield code="a">F70</subfield>
  </datafield>
  <datafield tag="100" ind1=" " ind2=" ">
    <subfield code="a">Lucheta, Fabiane </subfield>
  </datafield>
  <datafield tag="100" ind1=" " ind2=" ">
    <subfield code="a">Koch, Nat&#xE1;lia Mossmann </subfield>
  </datafield>
  <datafield tag="100" ind1=" " ind2=" ">
    <subfield code="a">Martins, Suzana Maria de Azevedo </subfield>
  </datafield>
  <datafield tag="100" ind1=" " ind2=" ">
    <subfield code="a">Schmitt, Jairo Lizandro </subfield>
  </datafield>
  <datafield tag="245" ind1=" " ind2=" ">
    <subfield code="a">Comunidade de liquens cortic&#xED;colas em um gradiente de urbaniza&#xE7;&#xE3;o na Bacia Hidrogr&#xE1;fica do Rio dos Sinos, no sul do Brasil</subfield>
  </datafield>
  <datafield tag="500" ind1=" " ind2=" ">
    <subfield code="a">Publica&#xE7;&#xE3;o on-line; 48 ref.; 5 tables; 3 illus.; Summaries (En, Pt)</subfield>
  </datafield>
  <datafield tag="520" ind1=" " ind2=" ">
    <subfield code="a">
Resumo

Liquens s&#xE3;o mundialmente conhecidos como indicadores de qualidade ambiental porque s&#xE3;o sens&#xED;veis
&#xE0;s modifica&#xE7;&#xF5;es do ambiente, especialmente as de origem antr&#xF3;pica. Neste estudo foram avaliadas a
riqueza, a composi&#xE7;&#xE3;o e a cobertura de comunidades de liquens cortic&#xED;colas em nove munic&#xED;pios com
diferentes graus de urbaniza&#xE7;&#xE3;o e verificadas as principais semelhan&#xE7;as na composi&#xE7;&#xE3;o das esp&#xE9;cies entre
as comunidades. Os locais amostrados estavam distribu&#xED;dos em uma matriz rural, rural/urbana ou urbana/
industrial. Dez for&#xF3;fitos foram amostrados em cada &#xE1;rea, utilizando o m&#xE9;todo do el&#xE1;stico. Ao total, foram
identificadas 215 esp&#xE9;cies de liquens, das quais nove s&#xE3;o novas ocorr&#xEA;ncias, sendo quatro para o Brasil
e cinco para o Rio Grande do Sul. Com o aumento da urbaniza&#xE7;&#xE3;o, observou-se uma simplifica&#xE7;&#xE3;o da
estrutura da comunidade de liquens, com diminui&#xE7;&#xE3;o da riqueza e mudan&#xE7;as na composi&#xE7;&#xE3;o das esp&#xE9;cies.
Al&#xE9;m disso, na matriz urbana/industrial poucas esp&#xE9;cies apresentaram alta porcentagem de cobertura e, em
conjunto, somaram grande import&#xE2;ncia na comunidade. Maior homogeneidade da composi&#xE7;&#xE3;o de esp&#xE9;cies
foi encontrada em &#xE1;reas mais pr&#xF3;ximas e inseridas na matriz urbano/industrial. Este estudo demonstrou
que a arboriza&#xE7;&#xE3;o urbana &#xE9; um fator importante para o estabelecimento das esp&#xE9;cies de liquens, ao longo
de um gradiente de urbaniza&#xE7;&#xE3;o.

Palavras-chave: cobertura, composi&#xE7;&#xE3;o, gradiente rural-urbano, riqueza de esp&#xE9;cies.





Abstract

Lichens are known worldwide as indicators of environmental quality because they are sensitive to
environmental changes, specially the ones with anthropogenic origin. In this study, we analyzed species
composition, richness and coverage of corticolous lichen communities in nine municipalities with different
urbanization levels, and evaluated their similarities considering lichen species composition. The studied
sites were distributed in rural, rural/urban and urban/industrial matrices. Ten phorophytes were sampled
in each area using the rubber band method. A total of 215 lichen species were identified, of which nine
species are new records: four are being cited for Brazil for the first time, and five for Rio Grande do Sul.
As urbanization increased, a simplification of the lichen community structure was observed, as well as a
decrease in species richness and changes on species composition. Besides, in the urban/industrial matrix,
few species had high coverage percentage and together added great importance to the community. We
found higher homogeneity on species composition in closer areas and in the ones that were inserted in
the urban/industrial matrix. This study showed that urban tree vegetation is an important factor for lichen
species establishment along an urbanization gradient.

Key words: coverage, composition, rural-urban gradient, species richness.</subfield>
  </datafield>
  <datafield tag="650" ind1=" " ind2=" ">
    <subfield code="a">L&#xCD;QUEN</subfield>
  </datafield>
  <datafield tag="650" ind1=" " ind2=" ">
    <subfield code="a">SUL DO BRASIL</subfield>
  </datafield>
  <datafield tag="773" ind1="0" ind2=" ">
    <subfield code="0">709</subfield>
    <subfield code="9">350746</subfield>
    <subfield code="d">Rio de Janeiro-RJ Jardim Botanico do Rio de Janeiro 1935</subfield>
    <subfield code="o">2025-3371</subfield>
    <subfield code="t">Rodrigu&#xE9;sia (Brazil)</subfield>
    <subfield code="x">0370-6583; 2175-7860 on-line</subfield>
    <subfield code="g">v. 69(2) p. 323-334; (2018)</subfield>
    <subfield code="w">BR2025001326</subfield>
  </datafield>
  <datafield tag="856" ind1=" " ind2=" ">
    <subfield code="u">https://www.scielo.br/j/rod/a/CGSfbsZ6yQHRcp5XfnyzYtm/?format=pdf&amp;lang=pt</subfield>
  </datafield>
  <datafield tag="942" ind1=" " ind2=" ">
    <subfield code="c">ANA</subfield>
  </datafield>
  <datafield tag="999" ind1=" " ind2=" ">
    <subfield code="c">331835</subfield>
    <subfield code="d">331835</subfield>
  </datafield>
</record>
